00691nam a22001937a 450000500170000001000150001702000270003203500140005903700130007308200080008624500330009426000590012727000730018630000200025950000450027994200220032499900190034695201320036520230912130228.0 aENG-137939 c1025.00a9789357052139 aEN-121471 bDBAD/PUB a624 a2024 Civil Engineering GATE/ aNoidabPearson India Education Services Pvt Ltdc2023 aIst Floor, Berger Tower, Plot No C-001A/2 Sector 16B bNoidae201301 avpp.c28cm(pbk) aComprehensive Guide To Boost Preparation 2ddccENh624mGAT c197738d197738 001040708NFICaCJbCJd2023-08-31eDBAD/PUBg1025.00l0oGAT 624pEN-121471r2023-08-31 00:00:00t1v1025.00w2023-08-31yEN